00808 2200265 4500001002100000005001500021035002000036007000300056008004100059100002300100245010700123300003000230264006400260336002100324337003000345338002300375040002200398082001600420084001800436090002000454650002800474850001200502041000800514990002000522INLIS00000000087073220220610102324 a0010-0622000322ta220610s1924 vp g d 00 0 dut d0 aDales'sePengarang1 aGroot woordenboek der Nederlandsche taal :bzesde, geheel, opnieuw bewerkte uitgave /cpenulis, Dales' aix, 2155 halaman ;c24 cm3 aLeiden :bA. W. Sijthoffs Uitgeversmaatschaapij N. V,c1924 2rdacontentateks 2rdamediaatanpa perantara 2rdacarrieravolume aYOPDYOGbinderda04223a439.313 a439.313 DAL g aL 439.313 DAL g 4aBahasa Belanda--xKamus aYOPDYOG geng a68732-PD/A.2022